[Event "VIE-ch U13"]
[Site "Ho Chi Minh City"]
[Date "2022.07.12"]
[Round "3"]
[White "Dang, Nguyen Tien Dung"]
[Black "Banh, Gia Huy"]
[Result "0-1"]
[WhiteElo "2322"]
[BlackElo "2337"]
[PlyCount "74"]
[EventDate "2022.07.11"]
[EventType "swiss"]
[EventRounds "9"]
[EventCountry "VIE"]
[SourceTitle "EXT 2023"]
[Source "ChessBase"]
[SourceDate "2022.10.05"]
[SourceVersion "1"]
[SourceVersionDate "2022.10.05"]
[SourceQuality "1"]

1. e4 d5 2. exd5 Nf6 3. d4 Bg4 4. Be2 Bxe2 5. Nxe2 Qxd5 6. 0-0 Nc6 7. Bf4 0-0-0 8. Nbc3 Qf5 9. Qc1 Nxd4 10. Nxd4 Rxd4 11. Bg3 e6 12. Re1 Nd7 13. Qe3 Bc5 14. Qe2 a6 15. a3 h5 16. b4 Ba7 17. h3 h4 18. Bh2 Qh5 19. Qe3 Qh6 20. Qf3 Qf6 21. Qe3 Bb6 22. Ne4 Qf5 23. c3 Rxb4 24. Qd3 Rxe4 25. Qxe4 Bxf2+ 26. Kh1 Bxe1 27. Qxe1 Nb6 28. Rd1 g5 29. Qe2 Nd5 30. Qd2 g4 31. hxg4 Qxg4 32. Rf1 h3 33. Rxf7 hxg2+ 34. Qxg2 Rxh2+ 35. Qxh2 Qd1+ 36. Kg2 Ne3+ 37. Kh3 Qg4# 0-1

[Event "VIE-ch U13"]
[Site "Ho Chi Minh City"]
[Date "2022.07.11"]
[Round "1"]
[White "Dang, Nguyen Tien Dung"]
[Black "Dinh, Nho Kiet"]
[Result "0-1"]
[WhiteElo "2322"]
[BlackElo "2341"]
[PlyCount "88"]
[EventDate "2022.07.11"]
[EventType "swiss"]
[EventRounds "9"]
[EventCountry "VIE"]
[SourceTitle "EXT 2023"]
[Source "ChessBase"]
[SourceDate "2022.10.05"]
[SourceVersion "1"]
[SourceVersionDate "2022.10.05"]
[SourceQuality "1"]

1. e4 c6 2. d4 d5 3. exd5 cxd5 4. Nf3 Bg4 5. Bb5+ Nc6 6. 0-0 e6 7. Be3 Bd6 8. h3 Bh5 9. c4 Nge7 10. Nc3 dxc4 11. Bxc4 0-0 12. Bd3 Nf5 13. d5 Nxe3 14. fxe3 exd5 15. Nxd5 Ne5 16. Be2 Bxf3 17. Bxf3 Qg5 18. Qb3 Rad8 19. Rad1 b6 20. e4 Ng6 21. Qc2 Qg3 22. b4 Nh4 23. Rf2 Qh2+ 24. Kf1 Bg3 25. Rfd2 Rxd5 26. exd5 Nxf3 27. gxf3 Qh1+ 28. Ke2 Re8+ 29. Kd3 Qxf3+ 30. Kc4 Rc8+ 31. Kb5 Rxc2 32. Rxc2 g6 33. Rd4 Be5 34. Rdd2 Bc3 35. Re2 Qxd5+ 36. Ka6 Bxb4 37. Kxa7 Bc5 38. Ka6 Qd3+ 39. Kb7 Qxh3 40. Kc6 Qf3+ 41. Kc7 h5 42. Kd7 Qf5+ 43. Kc7 h4 44. a4 Qf4+ 0-1

[Event "VIE-ch U13"]
[Site "Hanoi"]
[Date "2022.06.15"]
[Round "7"]
[White "Phan, Nguyen Thai Bao"]
[Black "Dang, Nguyen Tien Dung"]
[Result "0-1"]
[WhiteElo "2374"]
[BlackElo "2371"]
[PlyCount "44"]
[EventDate "2022.06.11"]
[EventType "swiss"]
[EventRounds "9"]
[EventCountry "VIE"]
[SourceTitle "EXT 2023"]
[Source "ChessBase"]
[SourceDate "2022.10.05"]
[SourceVersion "1"]
[SourceVersionDate "2022.10.05"]
[SourceQuality "1"]

1. e4 e6 2. d4 d5 3. exd5 exd5 4. Bd3 Bd6 5. h3 h6 6. Nf3 Nf6 7. 0-0 0-0 8. c4 dxc4 9. Bxc4 a6 10. b3 b5 11. Bd3 Bb7 12. Bb2 Nbd7 13. Nbd2 Re8 14. Qc2 Nd5 15. Be4 N7f6 16. Bxd5 Nxd5 17. a3 Nf4 18. Rfe1 Qd7 19. Ne5 Bxe5 20. Rxe5 Rxe5 21. dxe5 Bxg2 22. f3 Qxh3 0-1

[Event "VIE-ch U09"]
[Site "Hai Phong"]
[Date "2018.07.10"]
[Round "6"]
[White "Dang, Nguyen Tien Dung"]
[Black "Tran, Le Quang Khai"]
[Result "1-0"]
[WhiteElo "1958"]
[BlackElo "1934"]
[PlyCount "113"]
[EventDate "2018.07.07"]
[EventType "swiss"]
[EventRounds "9"]
[EventCountry "VIE"]
[SourceTitle "EXT 2019"]
[Source "ChessBase"]
[SourceDate "2018.10.10"]
[SourceVersion "1"]
[SourceVersionDate "2018.10.10"]
[SourceQuality "1"]

1. e4 e5 2. Nf3 Nc6 3. d4 exd4 4. Bc4 Bc5 5. c3 dxc3 6. Nxc3 d6 7. 0-0 Nge7 8. a3 0-0 9. h3 h6 10. Bf4 Ng6 11. Bd2 Re8 12. Re1 Nce5 13. Nxe5 Nxe5 14. Bb3 Qf6 15. Be3 Bb6 16. Bxb6 axb6 17. Nd5 Qd8 18. f4 Ng6 19. Qh5 Be6 20. f5 Bxd5 21. Bxd5 Ne5 22. Bxb7 Rb8 23. Bd5 Qf6 24. Re3 Kh7 25. g4 g6 26. fxg6+ fxg6 27. g5 Qxg5+ 28. Qxg5 hxg5 29. Rf1 Rf8 30. Rc3 Rxf1+ 31. Kxf1 Rf8+ 32. Ke2 c6 33. Bxc6 Rc8 34. Bd5 Rxc3 35. bxc3 b5 36. Ke3 Kh6 37. Be6 Kh5 38. Kd4 Kh4 39. Kd5 Kg3 40. Kxd6 Kf4 41. Kc5 Kxe4 42. Kxb5 Nd3 43. c4 Ke5 44. Bg4 Kd6 45. a4 Ne5 46. c5+ Kc7 47. a5 Nc6 48. a6 Na7+ 49. Kb4 Nc6+ 50. Ka4 Na7 51. Bf3 Nc8 52. Be4 Na7 53. Bxg6 Kc6 54. Kb4 Nc8 55. Be4+ Kc7 56. Kc4 Na7 57. Kd5 1-0